Cumhuriyet Halk Partisi tüzükleri: (Record no. 13488)

MARC details
000 -BAŞLIK
Sabit Uzunlukta Kontrol Alanı 01016na a2200313 4500
999 ## - SİSTEM KONTROL NUMARALARI (KOHA)
Koha Biblionumber 13488
Koha Biblioitemnumber 13488
001 - KONTROL NUMARASI
Denetim Alanı 17895
003 - KONTROL NUMARASI IDENTIFIER
Denetim Alanı MIRAKIL
005 - SON İŞLEM TARİHİ VE ZAMANI
Denetim Alanı 20190919150445.0
008 - SABİT-BOY VERİ ELEMANLARI - GENEL BİLGİLER
Sabit Uzunlukta Kontrol Alanı 161207b tu 000 0
020 ## - ULUSLARARASI STANDART KİTAP NUMARASI
Uluslararası Standart Kitap Numarası 9759729504
035 ## - SİSTEM KONTROL NUMARASI
Sistem Kontrol Numarası 15270
040 ## - KATALOGLAMA KAYNAK
Orijinal Kataloglama Ajansı TR-AnCHP
Kataloglama Dili tur
Metne Dönüştürmek Ajansı TR-AnCHP
041 ## - DİL KODU
Metin / Ses Parça Veya Ayrı Başlığın Dil Kodu tur
082 ## - DEWEY ONLU SINIFLANDIRMA NUMARASI
Sınıflandırma Numarası 324.2172
Ürün Numarası E62c 2000
100 ## - ANA GİRİŞ - KİŞİSEL İSİM
Kişisel Ad Erdoğan, Aydın
Bir Adıyla İlişkilendirilen Başlıklar Ve Kelimeler CHP Yüksek Disiplin Kurulu üyesi
245 ## - BAŞLIK TABLOSU
Başlık Cumhuriyet Halk Partisi tüzükleri:
Başlığın Kalan dünü-bugünü/
-- 1923-2000
Sorumluluk Tablosu, Vb Aydın Erdoğan.
246 ## - UNVAN FORM VARYING
Başlık Doğru / Kısa Başlığı CHP tüzükleri
260 ## - YAYIN, DAĞITIM, VB
Yayın, Dağıtım, Vb Yeri Ankara:
Yayıncı, Dağıtıcı, Vs Adı V Kitap,
Yayın, Dağıtım, Vb Tarihi 2000.
300 ## - FİZİKSEL TANIM
Kapsam 314 s.:
Boyutlar 24 sm.
440 ## - SERİSİ TABLOSU / KATMA GİRİŞİ - BAŞLIK
Başlık V Kitap
Bir İşin Parçası / Bölümün İsmi İnceleme-Araştırma dizisi:
Hacim / Ardışık Tanımı 1.
500 ## - GENEL NOT
Genel Not Yapıt yazarından imzalıdır.
500 ## - GENEL NOT
Genel Not Dış kapakta adı : CHP tüzükleri: dünü-bugünü : 1923-2000
610 ## - KONU KATMA GİRİŞ - TOPLANTI ADI
Giriş Elemanı Olarak Kurumsal Ad Veya Yargı Alanı Adı CHP
Kronolojik Alt Bölüm Araştırma ve inceleme
610 ## - KONU KATMA GİRİŞ - TOPLANTI ADI
Giriş Elemanı Olarak Kurumsal Ad Veya Yargı Alanı Adı CHP
Genel Alt Bölüm Tüzük değişikliği
Kronolojik Alt Bölüm Tarih
610 ## - KONU KATMA GİRİŞ - TOPLANTI ADI
Giriş Elemanı Olarak Kurumsal Ad Veya Yargı Alanı Adı CHP
Genel Alt Bölüm Tüzükler
Kronolojik Alt Bölüm Tarih
-- Değerlendirmeler
740 ## - KATMA GİRİŞ - KONTROLSUZ İLGİLİ / ANALİTİK BAŞLIK
Kontrol Edilmeyen / İlgili Analitik Başlıktaki CHP tüzükleri
942 ## - EKLENDİ GİRİŞ ELEMANLARI (KOHA)
Sınıflandırma Veya Raf Düzeni Kaynak Dewey Decimal Classification
Koha Öğesi Türü Books
999 ## - SİSTEM KONTROL NUMARALARI (KOHA)
Koha Biblioitemnumber 13488
Holdings
Kalıcı Konum Mevcut Konum Edinme Tarihi Toplam Check-Out'Lar Tam Çağrı Numarası Barkod Tarih Son Görülme İtibaren Geçerli Fiyatlar Koha Öğesi Türü
Parti Okulu Kütüphanesi Parti Okulu Kütüphanesi 09/19/2019   324.2172 E62c 2000 P00559 09/19/2019 09/19/2019 Books